[Event "Ì17Ï"]
[Site "Loo"]
[Date "2017.04.22"]
[Round "3.9"]
[White "Ìóðòàçèí, Ðèôàò."]
[Black "Êûðíàåâ, Àëåêñåé."]
[Result "0-1"]
[WhiteElo "1592"]
[BlackElo "2048"]
[PlyCount "90"]
[EventDate "2017.04.20"]

1. e4 c5 2. Nf3 d6 3. Bb5+ Nd7 4. O-O Ngf6 5. Re1 a6 6. Bf1 Qc7 7. c3 e5 8. d3
g6 9. Bg5 Bg7 10. Bxf6 Nxf6 11. h3 O-O 12. Na3 Re8 13. Qd2 b5 14. c4 Rb8 15. b3
h6 16. Rab1 b4 17. Nc2 Nh5 18. Ne3 Nf4 19. Nd5 Nxd5 20. cxd5 a5 21. Qc2 Qe7 22.
Nd2 Rb7 23. Nc4 Qd8 24. Qd2 h5 25. Qc2 Bh6 26. Rb2 Kh8 27. Rbb1 Rg8 28. Qe2 Bg5
29. Qf3 f5 30. Rb2 f4 31. Qd1 Rf7 32. Be2 Bh4 33. Bf3 Rfg7 34. Qe2 g5 35. Bxh5
g4 36. Kh1 gxh3 37. gxh3 Bxh3 38. Bf3 Qg5 39. Rbb1 Bg2+ 40. Kh2 Rh7 41. Bg4
Qxg4 42. Qxg4 Rxg4 43. Kg1 Bf3+ 44. Kf1 Rhg7 45. Nxe5 Rg1# 0-1

[Event "Ì17Ï"]
[Site "Loo"]
[Date "2017.04.22"]
[Round "3.10"]
[White "Áóðõàíîâ, Âàñèëèé."]
[Black "Ìàð÷åíêî, Íèêîëàé."]
[Result "1/2-1/2"]
[WhiteElo "2026"]
[BlackElo "1862"]
[PlyCount "81"]
[EventDate "2017.04.20"]

1. d4 d6 2. Nf3 Bg4 3. c4 c6 4. Qb3 Qb6 5. Qxb6 axb6 6. e4 Nd7 7. Nc3 e5 8. Be3
g6 9. Nd2 Bg7 10. d5 f5 11. f3 Bh5 12. Bd3 f4 13. Bf2 Ngf6 14. Ke2 g5 15. h3
Ke7 16. a4 c5 17. Rhb1 Rhc8 18. Ra2 Ne8 19. Nb5 Nc7 20. Nxc7 Rxc7 21. b4 Be8
22. Bc2 Ra7 23. bxc5 bxc5 24. a5 Rc8 25. Rba1 Rca8 26. Be1 Kf7 27. Nb1 Bf6 28.
Nc3 Bd8 29. Nb5 Ra6 30. Bb3 h5 31. Kd3 h4 32. Ke2 Ke7 33. Kd3 Nf6 34. Bc3 Nd7
35. Be1 Nf6 36. Bc3 Nd7 37. Be1 Nf6 38. Bc3 Nd7 39. Be1 Nf6 40. Bc3 Nd7 41. Be1
1/2-1/2

[Event "Ì17Ï"]
[Site "Loo"]
[Date "2017.04.22"]
[Round "3.11"]
[White "ßðîñëàâöåâ, Àðòåì."]
[Black "Çàâüÿëîâ, Íèêèòà."]
[Result "1-0"]
[WhiteElo "2022"]
[BlackElo "1908"]
[PlyCount "85"]
[EventDate "2017.04.20"]

1. e4 c5 2. Nf3 Nc6 3. Bb5 e6 4. O-O Nge7 5. Re1 a6 6. Bf1 d5 7. d3 g6 8. exd5
Nxd5 9. d4 Bg7 10. dxc5 O-O 11. Nbd2 Qc7 12. Nc4 Nce7 13. Nb6 Nxb6 14. cxb6
Qxb6 15. c3 Nd5 16. c4 Ne7 17. Qc2 Bd7 18. Ne5 Rfd8 19. Be3 Qc7 20. Nxd7 Rxd7
21. Rad1 Rad8 22. b3 Nf5 23. Bg5 Rxd1 24. Rxd1 Rd4 25. Rxd4 Nxd4 26. Qe4 f5 27.
Qd3 e5 28. Be3 e4 29. Qd2 Qd8 30. c5 Be5 31. Bc4+ Kh8 32. b4 Nc6 33. Qxd8+ Nxd8
34. a4 Nc6 35. b5 axb5 36. axb5 Na5 37. Bd5 Bc3 38. b6 Be5 39. Bd2 Nc6 40. Bxc6
bxc6 41. Bg5 Kg7 42. Be7 Kf7 43. Bd6 1-0

[Event "Ì17Ï"]
[Site "Loo"]
[Date "2017.04.22"]
[Round "3.12"]
[White "Öóðöóìèÿ, Ðóñëàí."]
[Black "Ïåòðåíêî, Êèðèëë."]
[Result "0-1"]
[WhiteElo "1548"]
[BlackElo "1999"]
[PlyCount "82"]
[EventDate "2017.04.20"]

1. d4 Nf6 2. Bf4 d5 3. e3 c5 4. c3 Nc6 5. Nf3 e6 6. Nbd2 Bd6 7. Bxd6 Qxd6 8.
Bd3 O-O 9. O-O e5 10. dxe5 Nxe5 11. Nxe5 Qxe5 12. Nf3 Qc7 13. c4 dxc4 14. Bxc4
Bf5 15. Qb3 Be4 16. Ng5 Bc6 17. Bb5 Ng4 18. g3 h6 19. Be2 Ne5 20. Nh3 Bf3 21.
Qc2 Qc6 22. e4 Bxe4 23. Qc3 Bg2 24. Nf4 Bxf1 25. Rxf1 Rfe8 26. Bd1 Rad8 27. Qc2
b5 28. Ng2 Nc4 29. b3 Nd2 30. Re1 Nf3+ 31. Bxf3 Qxf3 32. Ne3 Qc6 33. Qc3 c4 34.
bxc4 bxc4 35. Rc1 Rc8 36. Nf5 Qg6 37. Qf3 c3 38. Nh4 Qc6 39. Qg4 Qe4 40. Qd1 c2
41. Qf1 Qe2 0-1

[Event "Ì17Ï"]
[Site "Loo"]
[Date "2017.04.22"]
[Round "3.13"]
[White "Òÿòþøêèí, Äàíèë."]
[Black "Êîëèåâ, Èðëàí."]
[Result "1-0"]
[WhiteElo "1985"]
[BlackElo "1739"]
[PlyCount "113"]
[EventDate "2017.04.20"]

1. e4 c6 2. d4 d5 3. e5 c5 4. c3 Bf5 5. Be3 c4 6. Nf3 Qb6 7. Qc1 e6 8. Be2 Ne7
9. Nbd2 Nd7 10. Nf1 h6 11. h3 Nc6 12. g4 Bh7 13. Ng3 O-O-O 14. O-O Be7 15. Nd2
Bg5 16. f4 Bh4 17. Kg2 f6 18. Bg1 Qc7 19. b3 cxb3 20. axb3 fxe5 21. fxe5 Ndxe5
22. Bh2 Bd3 23. Qd1 Ng6 24. Nf5 Bxe2 25. Qxe2 e5 26. dxe5 Rhe8 27. e6 Qb6 28.
Nxg7 Rf8 29. Nf5 Nce7 30. Nxe7+ Nxe7 31. Rxf8 Rxf8 32. Rf1 Rxf1 33. Kxf1 Bg5
34. Nf3 Bf6 35. Be5 Qxe6 36. Bxf6 Qxf6 37. Kg2 Ng6 38. Qe3 a6 39. Nd4 Kd7 40.
Nf5 h5 41. Qd4 Qxd4 42. Nxd4 hxg4 43. hxg4 Kd6 44. Kf3 b5 45. b4 Ne5+ 46. Kf4
Nd3+ 47. Kf5 Ke7 48. Nc6+ Kd6 49. g5 Kxc6 50. g6 d4 51. g7 dxc3 52. g8=Q Nxb4
53. Qc8+ Kb6 54. Qxc3 Nc6 55. Ke6 b4 56. Qa1 a5 57. Kd6 1-0

[Event "Ì17Ï"]
[Site "Loo"]
[Date "2017.04.22"]
[Round "3.14"]
[White "Ðîãîöêèé, Þðèé."]
[Black "Íàòàðîâ, Èëüÿ."]
[Result "1-0"]
[WhiteElo "1960"]
[BlackElo "1829"]
[PlyCount "89"]
[EventDate "2017.04.20"]

1. d4 d5 2. c4 c6 3. Nf3 Nf6 4. Nc3 e6 5. Bg5 h6 6. Bxf6 Qxf6 7. e3 g6 8. Bd3
Bg7 9. O-O O-O 10. e4 dxc4 11. Bxc4 Nd7 12. Rc1 e5 13. d5 Nb6 14. Be2 Rd8 15.
Qb3 cxd5 16. exd5 Qf4 17. Rfd1 e4 18. g3 Qd6 19. Nd4 Qe7 20. Ndb5 e3 21. f3 Qg5
22. Nxa7 Bxc3 23. Qxb6 Be5 24. Kg2 h5 25. Rc4 Rd6 26. Qc5 b6 27. Qb4 Ba6 28.
Nb5 Bxb5 29. Qxb5 Qd8 30. f4 Bf6 31. Re4 Kg7 32. Qb3 Ra5 33. Bb5 Qc8 34. Rxe3
Qc5 35. Bc6 Rxa2 36. Re2 Ra7 37. Qf3 Qb4 38. f5 Ra2 39. fxg6 fxg6 40. Rdd2 Rxb2
41. Rxb2 Bxb2 42. Re7+ Kh6 43. Qf8+ Kg5 44. h4+ Kg4 45. Qf3# 1-0

[Event "Ì17Ï"]
[Site "Loo"]
[Date "2017.04.22"]
[Round "3.15"]
[White "Ôîøåíêî, Êèðèëë."]
[Black "ßøìåòîâ, Íèêîëàé."]
[Result "0-1"]
[WhiteElo "1849"]
[BlackElo "2152"]
[PlyCount "50"]
[EventDate "2017.04.20"]

1. d4 Nf6 2. c4 e6 3. g3 d5 4. Bg2 dxc4 5. Qa4+ Nbd7 6. Qxc4 a6 7. Qc2 c5 8.
Nf3 Be7 9. O-O O-O 10. Rd1 Nd5 11. dxc5 Bxc5 12. a3 Qc7 13. e4 Bb6 14. Qe2 N5f6
15. Nc3 h6 16. Na4 Ba7 17. Bd2 b5 18. Nc3 Bb7 19. Rac1 Qb8 20. h3 Qxg3 21. e5
Nxe5 22. Qxe5 Qxf2+ 23. Kh1 Bxf3 24. Bxf3 Qxf3+ 25. Kh2 Bb8 0-1

[Event "Ì17Ï"]
[Site "Loo"]
[Date "2017.04.22"]
[Round "3.16"]
[White "Êûøòûìîâ, Äàíèèë."]
[Black "Íèêèòèí, Ãåîðãèé."]
[Result "1-0"]
[WhiteElo "2082"]
[BlackElo "1847"]
[PlyCount "85"]
[EventDate "2017.04.20"]

1. e4 c6 2. d4 d5 3. Nc3 dxe4 4. Nxe4 Bf5 5. Ng3 Bg6 6. Nf3 Nd7 7. h4 h6 8. h5
Bh7 9. Bd3 Bxd3 10. Qxd3 Ngf6 11. Bd2 Qc7 12. O-O-O e6 13. Ne4 O-O-O 14. g3 Nc5
15. Nxc5 Bxc5 16. Kb1 Bd6 17. Qe2 c5 18. dxc5 Qxc5 19. Rh4 Kb8 20. Be3 Qa5 21.
Rdd4 a6 22. Ra4 Qc7 23. Rhc4 Qe7 24. Nd4 e5 25. Nc6+ bxc6 26. Rxc6 Nd5 27.
Rcxa6 Qb7 28. Ra8+ Qxa8 29. Rxa8+ Kxa8 30. Qa6+ Kb8 31. Qb5+ Kc8 32. Qxd5 Bc7
33. Qa8+ Kd7 34. Qa4+ Ke7 35. c3 Rd7 36. Qg4 Rh7 37. Qf5 Rh8 38. Bc5+ Kd8 39.
Qe4 Kc8 40. Ba7 Rd1+ 41. Kc2 Rhd8 42. Qa8+ Kd7 43. Qxd8+ 1-0

[Event "Ì17Ï"]
[Site "Loo"]
[Date "2017.04.22"]
[Round "3.17"]
[White "Ñîêîëîâ, Íèêèòà."]
[Black "Ìîðîçîâ, Âàëåðèé."]
[Result "0-1"]
[WhiteElo "2049"]
[BlackElo "1836"]
[PlyCount "122"]
[EventDate "2017.04.20"]

1. d4 d6 2. e4 g6 3. g3 Bg7 4. Bg2 Nd7 5. Ne2 e5 6. Be3 Ne7 7. O-O O-O 8. Nbc3
f5 9. Qd2 Nf6 10. dxe5 dxe5 11. Qxd8 Rxd8 12. Rad1 Bd7 13. Bc5 Nc6 14. b3 fxe4
15. Nxe4 Bg4 16. Rxd8+ Rxd8 17. N2c3 Nxe4 18. Bxe4 Bf5 19. Bd5+ Kh8 20. Bxc6
bxc6 21. Rd1 Rxd1+ 22. Nxd1 Bxc2 23. Ne3 Bb1 24. a4 a6 25. Kf1 Ba2 26. b4 Bb3
27. a5 Kg8 28. Ke2 Kf7 29. Kd3 Ke6 30. Nf1 Bd5 31. Nd2 Kf5 32. h4 e4+ 33. Ke3
h5 34. Ke2 Be5 35. Nf1 Bc4+ 36. Ke1 Bxf1 37. Kxf1 Bd6 38. Ke2 Bxc5 39. bxc5 Ke5
40. Ke3 Kd5 41. g4 Kxc5 42. gxh5 gxh5 43. Kxe4 Kd6 44. Kd4 Ke6 45. Kc5 Kf5 46.
Kxc6 Kg4 47. Kxc7 Kxh4 48. Kb6 Kg5 49. Kxa6 h4 50. Kb7 h3 51. f4+ Kh5 52. a6 h2
53. a7 h1=Q+ 54. Kb8 Qb1+ 55. Kc7 Qc2+ 56. Kb8 Qb3+ 57. Kc7 Qc4+ 58. Kb7 Qb5+
59. Kc8 Qa6+ 60. Kb8 Qb6+ 61. Ka8 Qc7 0-1

[Event "Ì17Ï"]
[Site "Loo"]
[Date "2017.04.22"]
[Round "3.18"]
[White "Äàâèäåíêî, Äìèòðèé."]
[Black "Ðîâíîâ, Âëàäèñëàâ."]
[Result "1/2-1/2"]
[WhiteElo "1839"]
[BlackElo "2039"]
[PlyCount "80"]
[EventDate "2017.04.20"]

1. d4 Nf6 2. Nf3 g6 3. g3 Bg7 4. Bg2 O-O 5. O-O d6 6. Nc3 Nbd7 7. e4 e5 8. dxe5
dxe5 9. Qe2 c6 10. b3 Qa5 11. Bb2 Re8 12. Nd2 Qc7 13. a4 b6 14. Nc4 Ba6 15.
Rfd1 Rad8 16. b4 Bf8 17. Ba3 b5 18. Ne3 Qb7 19. axb5 Bxb5 20. Nxb5 cxb5 21. c4
bxc4 22. Nxc4 Qb5 23. Bf1 Nb6 24. Qf3 Nxc4 25. Rxd8 Rxd8 26. Qxf6 Rd6 27. Qf3
Rc6 28. Qb3 a5 29. Rb1 axb4 30. Bxb4 Bxb4 31. Qxb4 Qxb4 32. Rxb4 Nd2 33. Be2
Rc3 34. Rb5 Nxe4 35. Rxe5 f5 36. g4 Rc5 37. Rxc5 Nxc5 38. gxf5 gxf5 39. Kg2 Kf7
40. Kf3 Kf6 1/2-1/2

[Event "Ì17Ï"]
[Site "Loo"]
[Date "2017.04.22"]
[Round "3.19"]
[White "Íóðèñòàíè, Èìàí."]
[Black "Ïåòðîâñêèé, Àíäðåé."]
[Result "1-0"]
[WhiteElo "1998"]
[BlackElo "1780"]
[PlyCount "91"]
[EventDate "2017.04.20"]

1. d4 Nf6 2. c4 g6 3. Nc3 c5 4. d5 d6 5. e4 Bg7 6. Be2 O-O 7. Bg5 Na6 8. Qd2
Nc7 9. f4 h6 10. Bh4 Nh7 11. Nf3 Bg4 12. O-O Qd7 13. h3 Bxf3 14. Rxf3 e6 15.
Bf2 exd5 16. exd5 Rfe8 17. Bd3 f5 18. Kh1 Nf6 19. Qc2 Kh8 20. a4 a6 21. a5 Rab8
22. Na4 Ne4 23. Be1 Bd4 24. Nc3 Bxc3 25. bxc3 b5 26. Re3 Nf6 27. Rg3 Qf7 28.
cxb5 axb5 29. c4 b4 30. Qb2 Kh7 31. Rf3 Na6 32. Bh4 Ne4 33. Re1 Qg7 34. Qxg7+
Kxg7 35. Rfe3 b3 36. Rb1 g5 37. fxg5 hxg5 38. Be1 Kf6 39. g3 Nb4 40. Bxe4 Nc2
41. Bc3+ Kf7 42. Rf3 Rxe4 43. Rxf5+ Kg6 44. Rf6+ Kh5 45. Rxd6 Re2 46. Bg7 1-0

[Event "Ì17Ï"]
[Site "Loo"]
[Date "2017.04.22"]
[Round "3.20"]
[White "Àéðàïåòÿí, Îãàíåñ."]
[Black "Çèñèí, Îëåã."]
[Result "1-0"]
[WhiteElo "1825"]
[BlackElo "1988"]
[PlyCount "95"]
[EventDate "2017.04.20"]

1. e4 c5 2. d3 Nc6 3. c3 d5 4. Be2 d4 5. Na3 e5 6. Qc2 Be6 7. f4 exf4 8. Bxf4
c4 9. Nb5 Rc8 10. Nf3 dxc3 11. Nxc3 Nb4 12. Qa4+ Bd7 13. Qd1 cxd3 14. Bxd3 Bc5
15. a3 Nc6 16. Qe2 Nge7 17. Be3 Bxe3 18. Qxe3 O-O 19. O-O Ng6 20. Bc4 Nce5 21.
Ba2 Nxf3+ 22. Qxf3 Ne5 23. Qf2 a6 24. Rad1 Qe8 25. Qd4 Bc6 26. Rf5 Ng6 27. Rdf1
Rc7 28. Nd5 Rd7 29. Qe3 Kh8 30. Nc3 Re7 31. Qg3 f6 32. Rh5 Re5 33. Rff5 h6 34.
Qe3 Kh7 35. Rxe5 fxe5 36. Rf5 Rxf5 37. exf5 Nh4 38. Be6 Nxg2 39. Qxe5 Nh4 40.
Kf2 Qh5 41. Qf4 Ng2 42. Qg3 Nh4 43. Qd3 Nf3 44. f6+ g6 45. Nd5 Ne5 46. Qg3 Qd1
47. Qxe5 Bxd5 48. Qc7+ 1-0

[Event "Ì17Ï"]
[Site "Loo"]
[Date "2017.04.22"]
[Round "3.21"]
[White "Íàêîíå÷íûé, Èãíàò."]
[Black "Íîâèêîâ, Êèðèëë."]
[Result "0-1"]
[WhiteElo "1977"]
[BlackElo "1763"]
[PlyCount "60"]
[EventDate "2017.04.20"]

1. Nf3 d5 2. b3 Nf6 3. Bb2 c6 4. e3 Bf5 5. Nc3 e6 6. Ne2 c5 7. Ne5 Nbd7 8. Ng3
Bg6 9. Nxg6 hxg6 10. Qf3 Bd6 11. Bb5 O-O 12. h4 Ne5 13. Qd1 c4 14. f4 Neg4 15.
bxc4 a6 16. c5 Bxf4 17. exf4 axb5 18. Qf3 Ra4 19. h5 Qc7 20. d4 Qa5+ 21. Kd1
gxh5 22. Bc3 b4 23. Nxh5 Ne4 24. Be1 f5 25. Ng3 Ra3 26. Qe2 Re3 27. Qf1 Rxg3
28. Rh8+ Kxh8 29. Qh1+ Kg8 30. Bxg3 Nef2+ 0-1

[Event "Ì17Ï"]
[Site "Loo"]
[Date "2017.04.22"]
[Round "3.22"]
[White "Ëåîíîâ, Êèðèëë."]
[Black "Ñèâÿêîâ, Ãåîðãèé."]
[Result "0-1"]
[WhiteElo "1755"]
[BlackElo "1959"]
[PlyCount "90"]
[EventDate "2017.04.20"]

1. e4 c5 2. c3 g6 3. d4 cxd4 4. cxd4 d5 5. e5 Bg7 6. Nf3 Bg4 7. Nc3 Nc6 8. Bb5
Nh6 9. h3 Bxf3 10. Qxf3 Nf5 11. Be3 O-O 12. Bxc6 bxc6 13. g4 Nxe3 14. Qxe3 c5
15. O-O cxd4 16. Qxd4 e6 17. Rfe1 Qh4 18. Kg2 h5 19. Rad1 Rfc8 20. gxh5 Qxh5
21. Qg4 Qxg4+ 22. hxg4 Rab8 23. Re2 Rb4 24. f3 a6 25. a3 Rbc4 26. Nb1 Rc2 27.
Rxc2 Rxc2+ 28. Rd2 Rxd2+ 29. Nxd2 Bxe5 30. b4 Kf8 31. Nb3 Bd6 32. Kf2 Ke7 33.
Ke3 e5 34. Kd3 f5 35. gxf5 gxf5 36. Ke3 Bc7 37. Kd3 Bb6 38. Nd2 Kd6 39. a4 Bd8
40. Nb3 e4+ 41. fxe4 fxe4+ 42. Kd4 Bb6+ 43. Kc3 Ke5 44. Kd2 d4 45. a5 Ba7 0-1

[Event "Ì17Ï"]
[Site "Loo"]
[Date "2017.04.22"]
[Round "3.23"]
[White "Êîëõèäîâ, Àçàìàò."]
[Black "Ñåòþêîâ, Ðàäåëü."]
[Result "1-0"]
[WhiteElo "1712"]
[BlackElo "1916"]
[PlyCount "121"]
[EventDate "2017.04.20"]

1. e4 e6 2. d3 d5 3. Nd2 Nf6 4. Ngf3 Be7 5. g3 O-O 6. Bg2 c5 7. O-O Nc6 8. b3
d4 9. Nc4 b5 10. Nfe5 Nb4 11. Nb2 Bb7 12. a3 Nc6 13. Nxc6 Bxc6 14. f4 Qc7 15.
Bd2 Nd7 16. c4 a6 17. Qe2 Qb7 18. Rfb1 f5 19. e5 Bxg2 20. Qxg2 Qc7 21. a4 b4
22. Nd1 g5 23. Nf2 gxf4 24. gxf4+ Kh8 25. Qf3 Bh4 26. Nh3 Rg8+ 27. Kh1 Raf8 28.
Rg1 Nb8 29. Rxg8+ Rxg8 30. Rg1 Qc6 31. Rxg8+ Kxg8 32. Kg2 Qxf3+ 33. Kxf3 Nc6
34. Ke2 Na5 35. Ng1 Nxb3 36. Nf3 Bd8 37. Kd1 Kf7 38. Kc2 Na5 39. Be1 Nc6 40.
Nd2 Na5 41. Nf3 Kg6 42. h3 Nc6 43. Nd2 Nb8 44. Nb3 Nd7 45. Kd2 h5 46. Ke2 h4
47. Bf2 Be7 48. Kf3 Nb6 49. a5 Nc8 50. Ke2 Na7 51. Kd2 Nc6 52. Kc2 Nd8 53. Kd2
Nb7 54. Kc2 Bd8 55. Bxd4 cxd4 56. Nxd4 Nc5 57. Nc6 Bc7 58. d4 Ne4 59. Nxb4 Bxa5
60. Nxa6 Nc3 61. Nc5 {äàëåå çàïèñü íåðàçáîð~~èâà} 1-0

[Event "Ì17Ï"]
[Site "Loo"]
[Date "2017.04.22"]
[Round "3.25"]
[White "Ôîìè÷åâ, Èëüÿ."]
[Black "ßíãóòîâ, Àëåêñåé."]
[Result "1/2-1/2"]
[WhiteElo "1648"]
[BlackElo "1883"]
[PlyCount "80"]
[EventDate "2017.04.20"]

1. e4 c5 2. Nf3 Nc6 3. d4 cxd4 4. Nxd4 Nf6 5. Nc3 e5 6. Ndb5 d6 7. Bg5 a6 8.
Na3 b5 9. Nd5 Be7 10. Bxf6 Bxf6 11. c3 O-O 12. Nc2 Bg5 13. a4 Rb8 14. axb5 axb5
15. Bd3 Be6 16. Nce3 Bxe3 17. Nxe3 b4 18. Bc4 Qc7 19. O-O Rfd8 20. Bxe6 fxe6
21. c4 b3 22. Qg4 Nd4 23. Ra3 Ra8 24. Rfa1 Qb7 25. h4 Rxa3 26. Rxa3 Rf8 27. h5
Kh8 28. Qh4 h6 29. Kh2 Ne2 30. f3 Nf4 31. Qe1 Nd3 32. Qd2 Nf4 33. Qxd6 Qb8 34.
Qe7 Re8 35. Qf7 Rf8 36. Qe7 Re8 37. Qf7 Rf8 38. Qe7 Re8 39. Qf7 Rf8 40. Qe7 Re8
1/2-1/2

[Event "Ì17Ï"]
[Site "Loo"]
[Date "2017.04.22"]
[Round "3.26"]
[White "Ëèòâèíîâ, Àíòîí."]
[Black "Öîïàíîâ, Ìèõàèë."]
[Result "1-0"]
[WhiteElo "1866"]
[BlackElo "1586"]
[PlyCount "89"]
[EventDate "2017.04.20"]

1. d4 d5 2. Nf3 Nf6 3. c4 c6 4. Nc3 e6 5. e3 Be7 6. Be2 O-O 7. O-O Nbd7 8. Bd2
dxc4 9. Bxc4 b6 10. Qe2 Bb7 11. e4 Qc7 12. Rac1 Rfd8 13. Bg5 Nf8 14. Bd3 Ng6
15. Qc2 Qd7 16. Rfd1 Rac8 17. Bc4 h6 18. Be3 Qc7 19. h3 a6 20. Bd3 Nf8 21. Qe2
b5 22. a3 N8d7 23. b4 Nb6 24. Nd2 Nfd7 25. Nb3 Rf8 26. Na5 Rce8 27. e5 f6 28.
Qg4 Kh8 29. Qg6 f5 30. g4 Rd8 31. gxf5 Rg8 32. Kf1 Nf8 33. Qh5 exf5 34. Bxf5
Nh7 35. Ne4 Nd5 36. Nxb7 Qxb7 37. Qg6 Nf8 38. Qxc6 Nxe3+ 39. fxe3 Qa7 40. Qc7
Qa8 41. Qxe7 g6 42. Qf6+ Kh7 43. Rc7+ Nd7 44. Bxd7 Rgf8 45. Be6+ 1-0

[Event "Ì17Ï"]
[Site "Loo"]
[Date "2017.04.22"]
[Round "3.27"]
[White "Ìàòóùàê, Äàíèèë."]
[Black "Òðåòüÿêîâ, Ñòåïàí."]
[Result "0-1"]
[WhiteElo "1291"]
[BlackElo "1995"]
[PlyCount "62"]
[EventDate "2017.04.20"]

1. e4 d6 2. d4 Nf6 3. Nc3 g6 4. Be3 c6 5. f3 Qb6 6. Qd2 Qxb2 7. Rb1 Qa3 8. Bc4
Qa5 9. Nge2 Bg7 10. O-O Qc7 11. Bh6 O-O 12. Bxg7 Kxg7 13. f4 b5 14. Bd3 Nbd7
15. f5 e5 16. Rf3 b4 17. Nd1 c5 18. Bb5 Nxe4 19. Qc1 exd4 20. Rh3 Ndf6 21. Qh6+
Kg8 22. g4 Re8 23. g5 Nh5 24. Rxh5 Bxf5 25. Qxh7+ Kf8 26. Rh4 Ke7 27. Rxe4+
Bxe4 28. Qg7 Rg8 29. Qf6+ Kf8 30. Nf4 Qe7 31. Nxg6+ Bxg6 0-1

[Event "Ì17Ï"]
[Site "Loo"]
[Date "2017.04.22"]
[Round "3.28"]
[White "Æàôÿðîâ, Àäåëü."]
[Black "Íàóðáèåâ, Àõìåä."]
[Result "1-0"]
[WhiteElo "2111"]
[BlackElo "1707"]
[PlyCount "127"]
[EventDate "2017.04.20"]

1. d4 Nf6 2. Nf3 g6 3. h3 Bg7 4. Bf4 O-O 5. e3 d6 6. Be2 Nbd7 7. O-O Re8 8. Bh2
b6 9. a4 a5 10. c3 Bb7 11. Nbd2 e5 12. Bc4 e4 13. Ne1 d5 14. Be2 Nf8 15. Rc1
Ne6 16. Nc2 Bf8 17. f3 Bd6 18. fxe4 Nxe4 19. Nxe4 dxe4 20. Bb5 Re7 21. Qg4 Ng7
22. Qg5 Bxh2+ 23. Kxh2 Qd6+ 24. g3 Ne6 25. Qf6 Ng7 26. Qxd6 cxd6 27. g4 Ne6 28.
Na3 d5 29. c4 Ng5 30. Kg3 Nf3 31. cxd5 Bxd5 32. Bc6 Bxc6 33. Rxc6 Rb8 34. Rfc1
Kg7 35. Nb5 Rd7 36. Rc7 Rdd8 37. R1c6 Rf8 38. Kf4 Ne1 39. Kg3 Nd3 40. b3 Nb4
41. Rd6 Rbd8 42. Rxd8 Rxd8 43. Nc3 Rd6 44. Nxe4 Re6 45. Kf3 Kf8 46. Ng5 Rxe3+
47. Kxe3 Nd5+ 48. Kd3 Nxc7 49. Nxh7+ Ke7 50. Ng5 f6 51. Ne4 Ke6 52. Nc3 g5 53.
Ke4 Ne8 54. Nb5 Ng7 55. d5+ Kd7 56. Nd4 Ne8 57. Nf5 Nc7 58. Kd4 Na6 59. Ng3 Nc5
60. Ne4 Nxb3+ 61. Kc4 Nc1 62. Nxf6+ Kd6 63. Ne4+ Ke5 64. Nxg5 1-0

[Event "Ì17Ï"]
[Site "Loo"]
[Date "2017.04.22"]
[Round "3.29"]
[White "Ìîèñååâ, Äàíèëà."]
[Black "Ïîëòîðàöêèé, Àëåêñàíäð."]
[Result "1-0"]
[WhiteElo "2037"]
[BlackElo "1857"]
[PlyCount "105"]
[EventDate "2017.04.20"]

1. e4 c5 2. Nf3 Nc6 3. d4 cxd4 4. Nxd4 Nf6 5. Nc3 e5 6. Ndb5 d6 7. Bg5 a6 8.
Na3 b5 9. Nd5 Be7 10. Bxf6 Bxf6 11. c3 O-O 12. Nc2 Bg5 13. a4 bxa4 14. Rxa4 a5
15. Bc4 Bd7 16. Nce3 Rb8 17. b3 Kh8 18. O-O Bh6 19. Qd3 Qg5 20. Nc7 Rbd8 21.
Bb5 Ne7 22. Rxa5 Ng6 23. Bxd7 Rxd7 24. Ncd5 Nh4 25. Kh1 Qd8 26. Rfa1 Ng6 27.
Nf5 Bg5 28. b4 Qb8 29. b5 Rc8 30. g3 Rb7 31. c4 Bd8 32. Ra6 Bb6 33. Qa3 Bc5 34.
Qa2 Rd7 35. Ra8 Qb7 36. Qa6 Qxa6 37. R1xa6 Rdd8 38. Rxc8 Rxc8 39. Nxd6 Rf8 40.
Kg2 h6 41. Rc6 Ba3 42. b6 Rb8 43. c5 Nf8 44. Nxf7+ Kg8 45. Nxe5 Bb2 46. Nc4 Bd4
47. Nf4 Rb7 48. Rc8 Re7 49. Rxf8+ Kxf8 50. Ng6+ Ke8 51. Nxe7 Bxc5 52. b7 Ba7
53. Nc6 1-0

[Event "Ì17Ï"]
[Site "Loo"]
[Date "2017.04.22"]
[Round "3.30"]
[White "Èäèãîâ, Àáóáàêàð."]
[Black "Ëèïèëèí, Èëüÿ."]
[Result "1-0"]
[WhiteElo "1833"]
[BlackElo "1951"]
[PlyCount "47"]
[EventDate "2017.04.20"]

1. d4 f5 2. Nf3 Nf6 3. e3 g6 4. Be2 Bg7 5. O-O O-O 6. c4 d6 7. Nbd2 c6 8. Qc2
Qc7 9. b4 e5 10. dxe5 dxe5 11. Bb2 Re8 12. Rfd1 e4 13. Nd4 Nbd7 14. c5 Ne5 15.
Nc4 Nxc4 16. Bxc4+ Kh8 17. h3 Bd7 18. Rd2 Rad8 19. Rad1 Bc8 20. Ne2 Rxd2 21.
Qxd2 Nd7 22. Nf4 Qe5 23. Qc2 Nf6 24. Rd6 {äàëåå çàïèñü íåðàçáîð~~èâà} 1-0

[Event "Ì17Ï"]
[Site "Loo"]
[Date "2017.04.22"]
[Round "3.31"]
[White "Ëåâäàíñêèé, Àëåêñåé."]
[Black "Ìàìîøèí, Îëåã."]
[Result "1-0"]
[WhiteElo "1859"]
[BlackElo "1668"]
[PlyCount "77"]
[EventDate "2017.04.20"]

1. d4 Nf6 2. c4 g6 3. g3 Bg7 4. Bg2 d6 5. Nf3 O-O 6. O-O Nc6 7. Nc3 a6 8. e4
Rb8 9. a4 Na5 10. b3 c5 11. Bb2 Nc6 12. d5 Nb4 13. Ne1 e5 14. dxe6 Bxe6 15. Nd3
Nxd3 16. Qxd3 Qe7 17. Ne2 b6 18. Nf4 Bc8 19. Rad1 Rd8 20. e5 Ne8 21. Nd5 Qe6
22. Rfe1 Bb7 23. exd6 Qg4 24. Ne7+ Kh8 25. Bxg7+ Kxg7 26. h3 Qd7 27. Qc3+ f6
28. Nd5 Qxd6 29. Nf4 Qxd1 30. Rxd1 Rxd1+ 31. Kh2 Bxg2 32. Kxg2 Rd6 33. Nd5 a5
34. Qe3 Rbd8 35. Qe7+ Kg8 36. Nxb6 Ng7 37. Nd5 Ne8 38. Qa7 R6d7 39. Qxc5 1-0

[Event "Ì17Ï"]
[Site "Loo"]
[Date "2017.04.22"]
[Round "3.32"]
[White "Âàùåíêî, Ëåâ."]
[Black "Ãîãè÷åâ, Ãåîðãèé."]
[Result "0-1"]
[WhiteElo "1478"]
[BlackElo "1869"]
[PlyCount "44"]
[EventDate "2017.04.20"]

1. e4 e5 2. Nf3 Nf6 3. Nc3 Nc6 4. d4 exd4 5. Nxd4 Bb4 6. Bg5 h6 7. Nxc6 bxc6 8.
Bxf6 Qxf6 9. Qd2 O-O 10. Bd3 Ba5 11. O-O d5 12. Rfd1 Rd8 13. a3 d4 14. e5 Qxe5
15. b4 dxc3 16. Bh7+ Kxh7 17. Qxd8 Bb6 18. Re1 Qf5 19. Re2 Ba6 20. Qxa8 Bxe2
21. Qxc6 Qxf2+ 22. Kh1 Bf1 0-1

[Event "Ì17Ï"]
[Site "Loo"]
[Date "2017.04.22"]
[Round "3.33"]
[White "Øóøàêîâ, Àíäðåé."]
[Black "Êàðåëîâ, Ïàâåë."]
[Result "0-1"]
[WhiteElo "1558"]
[BlackElo "1969"]
[PlyCount "58"]
[EventDate "2017.04.20"]

1. e4 c5 2. Nf3 g6 3. c3 Bg7 4. d4 cxd4 5. cxd4 d5 6. e5 Nh6 7. Nc3 O-O 8. Bd3
Bg4 9. h3 Bxf3 10. Qxf3 e6 11. O-O Qb6 12. Be3 Qxb2 13. Nb5 Qb4 14. Nc7 Qc3 15.
Bxh6 Bxh6 16. Nxa8 Nc6 17. Rab1 Nxd4 18. Qg3 Rxa8 19. Rxb7 Rf8 20. Rxa7 Ne2+
21. Bxe2 Qxg3 22. fxg3 Be3+ 23. Kh2 Bxa7 24. Re1 Bf2 25. Rd1 Ra8 26. Rd2 Be1
27. Rc2 Ra3 28. Bb5 Bxg3+ 29. Kg1 Bxe5 {äàëåå çàïèñü íåðàçáîð~~èâà} 0-1

[Event "Ì17Ï"]
[Site "Loo"]
[Date "2017.04.22"]
[Round "3.34"]
[White "Ãåòüìàí, Äìèòðèé."]
[Black "Êîêóåâ, Èëüÿ."]
[Result "1/2-1/2"]
[WhiteElo "1863"]
[BlackElo "1548"]
[PlyCount "82"]
[EventDate "2017.04.20"]

1. d4 d5 2. c4 e6 3. Nc3 Be7 4. Bf4 Nf6 5. e3 O-O 6. Nf3 b6 7. cxd5 Nxd5 8.
Nxd5 exd5 9. Bd3 Bg4 10. O-O Nd7 11. Qc2 Nf6 12. Qxc7 Qxc7 13. Bxc7 Bxf3 14.
gxf3 Rac8 15. Rac1 Ne8 16. Bg3 Nd6 17. Ba6 Ra8 18. Rc7 Nf5 19. Rfc1 Nxg3 20.
hxg3 Bf6 21. Rd7 Rfd8 22. Rcc7 Rxd7 23. Rxd7 Rd8 24. Rxa7 Rd6 25. Ra8+ Rd8 26.
Rxd8+ Bxd8 27. Bb7 Kf8 28. Bxd5 Ke7 29. e4 b5 30. Bc6 b4 31. e5 Bb6 32. d5 Bd4
33. f4 Bxb2 34. d6+ Kd8 35. f3 g5 36. Kg2 h5 37. Bb5 gxf4 38. gxf4 Bc1 39. Kg3
h4+ 40. Kg4 h3 41. f5 Bf4 1/2-1/2

[Event "Ì17Ï"]
[Site "Loo"]
[Date "2017.04.22"]
[Round "3.35"]
[White "Äîáðûíèí, ßðîñëàâ."]
[Black "Ìèøèí, Ñàâåëèé."]
[Result "1/2-1/2"]
[WhiteElo "1662"]
[BlackElo "1377"]
[PlyCount "76"]
[EventDate "2017.04.20"]

1. e4 e6 2. d4 d5 3. Nd2 dxe4 4. Nxe4 Nd7 5. Nf3 Ngf6 6. Ng3 Be7 7. Bd3 O-O 8.
O-O b6 9. b3 Bb7 10. Bb2 c5 11. Re1 Rc8 12. c4 Qc7 13. Qe2 Rfd8 14. d5 Nf8 15.
Rad1 Bd6 16. Bxf6 gxf6 17. dxe6 fxe6 18. Be4 Bxg3 19. hxg3 e5 20. Bf5 Rxd1 21.
Rxd1 Rd8 22. Rxd8 Qxd8 23. Qd2 Qxd2 24. Nxd2 Ng6 25. Be4 Bxe4 26. Nxe4 Kg7 27.
Nd6 Ne7 28. g4 Nc6 29. Kh2 Kg6 30. Kg3 Nb4 31. a4 Nc6 32. Ne4 Nd4 33. Nd2 Kg5
34. Ne4+ Kg6 35. Nd2 Kg5 36. Ne4+ Kg6 37. Nd2 Kg5 38. Ne4+ Kg6 1/2-1/2

[Event "Ì17Ï"]
[Site "Loo"]
[Date "2017.04.22"]
[Round "3.36"]
[White "Ìóðàâüåâ, Ìàêñèì."]
[Black "Âîëêîâ, Ãðèãîðèé."]
[Result "0-1"]
[WhiteElo "1546"]
[BlackElo "1651"]
[PlyCount "68"]
[EventDate "2017.04.20"]

1. e4 c5 2. Nf3 d6 3. d4 cxd4 4. Nxd4 Nf6 5. Nc3 a6 6. Be2 e5 7. Nb3 Be7 8. Be3
Be6 9. f3 Nbd7 10. Qd2 Nb6 11. O-O-O Qc7 12. f4 Rd8 13. f5 Nc4 14. Bxc4 Bxc4
15. h3 d5 16. exd5 b5 17. Qf2 Nxd5 18. Nxd5 Rxd5 19. Bb6 Qc8 20. Rxd5 Bxd5 21.
Rd1 Ba8 22. g4 O-O 23. Qd2 Bf3 24. Re1 Qb7 25. Bc5 Rd8 26. Qe3 Bh4 27. Rg1 Qd5
28. Nd2 e4 29. b3 Qe5 30. Kb1 Bf6 31. c3 Rd3 32. Nxf3 Qxc3 33. Qf2 Qa1+ 34. Kc2
Qb2# 0-1